| 000 | 00493nam a2200169 a 4500 | ||
|---|---|---|---|
| 001 | 000020796 | ||
| 005 | 20200930011152.0 | ||
| 008 | 100817s1969 sp a 000 0 spa d | ||
| 040 |
_aDO-SdBNP _bspa _cBPJMB |
||
| 082 |
_a616.24 _bT629s |
||
| 100 | 1 |
_aTobien, Horst-H. _943585 |
|
| 245 | 1 | 0 |
_aSíntomas-guía pulmonares / : _bHorst-H Tobien. |
| 260 |
_aBarcelona : _bBoehringer Ingelheim, _c1969. |
||
| 300 |
_a93 p. : _bil. ; _c23 cm. |
||
| 650 | 4 |
_aPulmón _943586 |
|
| 650 | 4 |
_aDiagnóstico _93267 |
|
| 999 |
_c20300 _d20300 |
||